Länder, die Bulgarien am meisten besuchen - Statistiken

Allgemein
  • Dieses Quiz wurde 40 mal gespielt
  • Das Durchschnittsergebnis liegt bei 17 aus 20
Antwortstatistiken
Platz Touristenankünfte Land % Korrekt
5. ~920.000 Deutschland
100%
14. ~180.000 Italien
97%
🥇 ~2.300.000 Rumänien
97%
🥉 ~2.278.000 Ukraine
97%
12. ~200.000 Frankreich
94%
4. ~1.200.000 Griechenland
94%
19. ~85.000 Russland
94%
17. ~120.000 Spanien
94%
🥈 ~2.290.000 Türkei
94%
11. ~200.000 Österreich
91%
7. ~500.000 Polen
91%
6. ~730.000 Serbien
91%
20. ~82.000 Vereinigte Staaten
91%
10. ~210.000 Tschechien
88%
18. ~100.000 Ungarn
88%
9. ~400.000 Vereinigtes Königreich
88%
13. ~200.000 Niederlande
79%
16. ~140.000 Belgien
65%
8. ~410.000 Nordmazedonien
59%
15. ~160.000 Israel
35%
Keine übereinstimmenden Quizze gefunden
Verteilung der Resultate
Anzahl Personen mit jedem Resultat
Perzentil nach korrekt beantworteten Fragen
Ihre Resultats-Entwicklung
Sie haben dieses Quiz noch nicht gespielt